| 000 | 02336cam a2200469 i 4500 | ||
|---|---|---|---|
| 001 | 3344 | ||
| 003 | FISKH | ||
| 005 | 20240228160002.0 | ||
| 008 | 140829t20152015maua j 001 0 eng d | ||
| 010 | _a 2014949929 | ||
| 020 |
_a9780763679842 _q(trade) |
||
| 020 | _a9781783701889 | ||
| 020 |
_a0763679844 _q(trade) |
||
| 035 | _a(OCoLC)ocn899332222 | ||
| 040 |
_aYDXCP _beng _cYDXCP _erda _dBTCTA _dOCLCQ _dOCO _dOCLCO _dUOK _dJBL _dNBO _dOCLCO _dOCLCF _dOCLCO _dFOLLT _dOCLCO _dEHH _dOJ4 _dUAB _dBDX _dCUT _dDLC |
||
| 042 | _alccopycat | ||
| 050 | 0 | 0 |
_aCC171 _b.N45 2015 |
| 082 | 0 | 4 |
_a930.1 _223 |
| 100 | 1 | _aNelson, Jo, | |
| 245 | 1 | 0 |
_aHistorium / _cillustrated by Richard Wilkinson ; written by Jo Nelson. |
| 260 |
_aSurrey : _bBig Pictures, _c2015 |
||
| 300 |
_a95 pages : _bcolor illustrations ; _c38 cm. |
||
| 336 |
_atext _btxt _2rdacontent |
||
| 336 |
_astill image _bsti _2rdacontent |
||
| 337 |
_aunmediated _bn _2rdamedia |
||
| 338 |
_avolume _bnc _2rdacarrier |
||
| 490 | 1 | _aWelcome to the museum | |
| 500 | _aIncludes indexes. | ||
| 505 | 0 | _aAfrica. Southern Africa -- Western Africa -- Ancient Egypt -- America -- The Olmec -- The Maya -- The Aztecs -- The Hopewell -- The Pueblo -- Asia. Ancient India -- Ancient China -- Ancient Japan -- Ancient Korea -- Europe. The Celts -- Ancient Greece -- Ancient Rome -- The Vikings -- The Middle East. Mesopotamia -- The ancient Levant -- Ancient Persia -- Early Islam -- Oceania. Indigenous Australians -- Melanesia -- Polynesia -- The Māori go. | |
| 520 |
_a"Welcome to the museum! Here you will find a collection of objects from ancient civilisations. Objects of beauty, functionality, war, life, death and burial. As you wander from room to room, explore the magnificence of what civilisations have left behind over thousands of years of human history!"-- _cPublisher's web site. |
||
| 650 | 0 |
_aAntiquities _vJuvenile literature. |
|
| 650 | 0 |
_aMuseum exhibits _vJuvenile literature. |
|
| 650 | 1 | _aAntiquities. | |
| 650 | 1 | _aMuseum exhibits. | |
| 650 | 7 |
_aAntiquities. _2fast _0(OCoLC)fst00810745 |
|
| 650 | 7 |
_aMuseum exhibits. _2fast _0(OCoLC)fst01030081 |
|
| 655 | 7 |
_aJuvenile works. _2fast _0(OCoLC)fst01411637 |
|
| 700 | 1 |
_aWilkinson, Richard _c(Illustrator), _eillustrator. |
|
| 906 |
_a7 _bcbc _ccopycat _d2 _eepcn _f20 _gy-gencatlg |
||
| 942 |
_2ddc _cBK _n0 |
||
| 999 |
_c3344 _d3344 |
||